000 00402nam a2200145Ia 4500
008 240624s9999 xx 000 0 und d
041 _aeng
082 _a371.26 HAL
100 _aHALADYNA THOMAS M
245 _aDEVELOPING AND VALIDATING MULTIPLE CHOIC
250 _a(3rd ed.)
260 _c2004
_aLondon
_bLawrence Erlbaum Associates Publishers
300 _axi, : 306 : p. : cm. ; 22
365 _c
_b35
999 _c6353
_d6353